000 00681nam a2200205 a 4500
001 000046980
005 20201002053247.0
008 180410s2016 dr a 000 0 spa d
020 _a9789945123616
040 _aDO-SdBNP
_bspa
_cBNPHU
082 _axxxx
_bxxxx
100 1 _aGarcía V., Alejandro
_974875
245 1 0 _aEducación física 5 :
_bprimaria /
_cAlejandro García V., José Rafael Beras Rodríguez.
260 _aSanto Domingo :
_bSusaeta,
_c2016.
300 _a104 p. :
_bil. ;
_c29 cm.
500 _aEnfoque por competencias nuevo currículo
504 _aBibliografía : p. 104
590 _aInventariado, 2018/LP
700 1 _aBeras Rodríguez, José Rafael
_974876
999 _c46468
_d46468